[Event "Paracin Open 2020"]
[Site "Paracin"]
[Date "2020.07.04"]
[Round "3.1"]
[White "Basso, Pier Luigi"]
[Black "Radeva, Viktoria"]
[Result "1-0"]
[WhiteElo "2596"]
[BlackElo "2327"]
[Annotator "TA"]
[PlyCount "95"]
[EventDate "2020.07.03"]
[EventType "swiss"]
[EventCountry "SRB"]
[SourceTitle "playchess.com"]
[Source "ChessBase"]
[SourceQuality "1"]

{[%evp 9,95,17,30,21,27,22,22,16,16,14,22,16,22,21,46,39,39,37,37,37,37,37,47,36,47,33,51,44,52,47,48,50,64,40,37,27,37,37,53,51,51,50,57,55,58,53,53,57,62,52,57,57,57,57,58,58,53,35,41,12,20,19,52,20,151,120,165,165,162,162,167,154,214,195,289,282,232,280,339,335,847,861,1364,1301,1870,1458,29994,29995]} 1. d4 d5 2. c4 e6 3. Nf3 Nf6 4. Nc3 a6 5. cxd5 exd5 6. Qb3 {D37: Queen's Gambit Declined: 5 Bf4.} c6 7. Bg5 Be7 8. e3 {The position is equal.} Nbd7 9. Bd3 O-O 10. O-O h6 11. Bh4 Ne4 12. Bxe7 Qxe7 13. Bxe4 dxe4 14. Nd2 Nf6 15. Qa3 Qe6 16. Qa5 Re8 {[#]} 17. b4 $146 ({Predecessor:} 17. Rac1 Qe7 18. a3 Bg4 19. h3 Be6 20. Qe5 Qd7 21. Qg3 Bd5 22. Ne2 Rad8 23. Nf4 {½-½ (49) Berkes,F (2654)-Mastrovasilis,D (2580) Minsk 2017}) 17... h5 18. h3 g6 19. Rfc1 Qe7 20. Qc5 Bf5 21. Qxe7 (21. Nc4 {keeps more tension.} Rad8 22. a4 Be6 23. Nb6 Nd7 24. Nxd7 Bxd7 25. Qb6) 21... Rxe7 22. Nc4 Rd8 23. a4 Be6 24. Nb6 Rd6 25. h4 Re8 26. Ne2 Bd5 27. Nf4 Kg7 28. Rc5 Red8 29. Rac1 Kh6 30. Kh2 Nd7 31. Nxd7 R8xd7 32. Kg3 Bb3 $1 33. Ra1 f6 34. b5 axb5 35. axb5 {[%cal Ba4b5,Bb5b6][%mdl 32]} g5 36. Ne2 Bd5 {[#]} (36... cxb5 $1 $11 37. Nc3 Bc2) 37. b6 $1 $16 Rg7 {[#]} 38. Ra8 $1 Rdd7 39. Rca5 Kg6 40. Rb8 Kh6 (40... Bb3 $16 41. Nc3 Rge7) 41. Kh2 gxh4 (41... Rde7 $142 42. Nc3 Bb3) 42. Nf4 $18 Rg5 43. Rh8+ {[%mdl 1024] White has strong compensation.} Kg7 44. Raa8 ({Less strong is} 44. Rxh5 Rxh5 45. Nxh5+ Kf7 $16) 44... Bf7 $2 (44... Bc4 45. Nxh5+ Kg6) 45. Rhc8 Rb5 46. Rc7 Rd6 47. Rxb7 {Hoping for Raa7.} c5 48. Raa7 {Accuracy: White = 97%, Black = 61%.} 1-0

[Event "Paracin Open 2020"]
[Site "Paracin"]
[Date "2020.07.04"]
[Round "3.2"]
[White "Pasti, Aron"]
[Black "Ernst, Sipke"]
[Result "1/2-1/2"]
[WhiteElo "2325"]
[BlackElo "2540"]
[Annotator "TA"]
[PlyCount "24"]
[EventDate "2020.07.03"]
[EventType "swiss"]
[EventCountry "SRB"]
[SourceTitle "playchess.com"]
[Source "ChessBase"]
[SourceQuality "1"]

{[%evp 23,24,0,24]} 1. e4 e5 2. Nf3 Nc6 3. Bb5 a6 4. Ba4 Nf6 5. O-O Be7 6. Re1 b5 7. Bb3 d6 8. c3 O-O 9. h3 Re8 10. Ng5 Rf8 11. Nf3 Re8 {[#] 11...Bb7 is a critical line. Played by Alireza Firouzja in June 2020.} 12. Ng5 $146 ({Predecessor:} 12. d4 Bb7 13. Ng5 Rf8 14. Nf3 Re8 15. Nbd2 Bf8 16. a3 h6 17. d5 Na5 18. Ba2 c6 19. b4 cxd5 20. bxa5 dxe4 21. Nh2 d5 22. Nb3 Qc7 23. Bb2 Rad8 24. Qe2 g6 {½-½ (41) Sevian,S (2657)-Erdos,V (2613) Saint Louis 2019}) 12... Rf8 $1 1/2-1/2

[Event "Paracin Open 2020"]
[Site "Paracin"]
[Date "2020.07.04"]
[Round "3.3"]
[White "Mendonca, Leon Luke"]
[Black "Pastar, Slaven"]
[Result "1-0"]
[WhiteElo "2470"]
[BlackElo "2323"]
[Annotator "RC"]
[PlyCount "159"]
[EventDate "2020.07.03"]
[EventType "swiss"]
[EventCountry "SRB"]
[SourceTitle "playchess.com"]
[Source "ChessBase"]
[SourceQuality "1"]
[TimeControl "5400+30"]

1. Nf3 {[%emt 0:00:00]} Nf6 {[%emt 0:00:42]} 2. g3 {[%emt 0:00:05]} e6 {[%emt 0:01:16]} 3. Bg2 {[%emt 0:00:20]} d5 {[%emt 0:00:32]} 4. O-O {[%emt 0:00:28]} Be7 {[%emt 0:00:02]} 5. c4 {[%emt 0:00:33]} O-O {[%emt 0:00:31]} 6. b3 {[%emt 0:00:48]} c5 {[%emt 0:08:10]} 7. Bb2 {[%emt 0:00:45]} Nc6 {[%emt 0:00:21]} 8. cxd5 {[%emt 0:03:45]} exd5 {[%emt 0:02:16]} 9. d4 {[%emt 0:01:02]} Re8 {[%emt 0:06:09]} 10. Nc3 {[%emt 0:02:26]} Bg4 {[%emt 0:02:43]} 11. dxc5 {[%emt 0:03:39]} Bxc5 {[%emt 0:01:50]} 12. Rc1 {[%emt 0:01:22]} a6 {[%emt 0:12:27]} 13. h3 {[%emt 0:12:49]} Bh5 {[%emt 0:14:23]} 14. g4 {[%emt 0:07:19]} Bg6 {[%emt 0:00:16]} 15. g5 {[%emt 0:00:17]} Nh5 {[%emt 0:05:02]} 16. Nxd5 {[%emt 0:03:06]} Ba7 {[%emt 0:01:25]} 17. e3 {[%emt 0:02:14]} Rc8 {[%emt 0:05:14]} 18. h4 {[%emt 0:13:29]} Qa5 {[%emt 0:02:57]} 19. Nd2 {[%emt 0:06:03]} Qxa2 {[%emt 0:07:05]} 20. Nc4 {[%emt 0:04:37]} Na5 {[%emt 0:01:31]} 21. Ra1 {[%emt 0:01:32]} Qxb3 {[%emt 0:00:44]} 22. Nd6 {[%emt 0:00:13]} Qxd1 {[%emt 0:16:37]} 23. Rfxd1 {[%emt 0:00:14]} Nc6 {[%emt 0:02:01]} 24. Nxe8 {[%emt 0:01:04]} Rxe8 {[%emt 0:00:11]} 25. Nc7 {[%emt 0:00:15]} Rc8 {[%emt 0:01:07]} 26. Nxa6 {[%emt 0:00:11]} h6 {[%emt 0:02:33]} 27. gxh6 {[%emt 0:04:14]} Ne7 {[%emt 0:04:42]} 28. Bxb7 {[%emt 0:01:35]} Rc2 {[%emt 0:00:11]} 29. Bxg7 {[%emt 0:00:57]} Nxg7 {[%emt 0:00:05]} 30. hxg7 {[%emt 0:00:28]} Nf5 {[%emt 0:01:15]} 31. Nb4 {[%emt 0:00:15]} Rb2 {[%emt 0:00:31]} 32. Rxa7 {[%emt 0:05:22]} Rxb4 {[%emt 0:00:02]} 33. Rd7 {[%emt 0:01:25]} Rxh4 {[%emt 0:00:57]} 34. Bd5 {[%emt 0:01:10]} Nh6 {[%emt 0:00:04]} 35. Bf3 {[%emt 0:01:22]} Rb4 {[%emt 0:00:19]} 36. Rd4 {[%emt 0:00:38]} Rb6 {[%emt 0:00:24]} 37. Be4 {[%emt 0:00:21]} Nf5 {[%emt 0:01:14]} 38. Rd5 {[%emt 0:00:41]} Nxe3 {[%emt 0:00:29]} 39. Ra8+ {[%emt 0:10:16]} Kxg7 {[%emt 0:00:14]} 40. Rg5 {[%emt 0:00:11]} Nc4 {[%emt 0:00:55]} 41. Bxg6 {[%emt 0:02:26]} fxg6 {[%emt 0:00:12]} 42. Ra7+ {[%emt 0:02:18]} Kf6 {[%emt 0:00:19]} 43. Rc5 {[%emt 0:00:06]} Nd6 {[%emt 0:00:46]} 44. Rca5 {[%emt 0:00:26]} Rb1+ {[%emt 0:00:33]} 45. Kg2 {[%emt 0:01:31]} Nf5 {[%emt 0:00:08]} 46. R7a6+ {[%emt 0:00:43]} Kg5 {[%emt 0:00:34]} 47. Rc6 {[%emt 0:00:29]} Kf4 {[%emt 0:00:50]} 48. Rc4+ {[%emt 0:03:45]} Kg5 {[%emt 0:00:02]} 49. Ra3 {[%emt 0:01:07]} Rb2 {[%emt 0:00:52]} 50. Rh3 {[%emt 0:00:11]} Ra2 {[%emt 0:00:39]} 51. Rb4 {[%emt 0:00:00]} Rc2 {[%emt 0:00:22]} 52. Ra4 {[%emt 0:00:01]} Rb2 {[%emt 0:00:12]} 53. Rh8 {[%emt 0:00:18]} Rc2 {[%emt 0:00:39]} 54. Rf8 {[%emt 0:02:57]} Rb2 {[%emt 0:00:39]} 55. Ra1 {[%emt 0:01:07]} Rc2 {[%emt 0:00:36]} 56. Rg1 {[%emt 0:00:28]} Kf4 {[%emt 0:00:35]} 57. Rf6 {[%emt 0:02:03]} g5 {[%emt 0:00:31]} 58. Ra1 {[%emt 0:00:46]} Ke5 {[%emt 0:00:15]} 59. Rf8 {[%emt 0:00:10]} Nh4+ {[%emt 0:00:39]} 60. Kg3 {[%emt 0:00:16]} Ng6 {[%emt 0:00:32]} 61. Ra5+ {[%emt 0:00:36]} Ke6 {[%emt 0:00:18]} 62. Rf3 {[%emt 0:00:30]} Nh4 {[%emt 0:00:47]} 63. Rf8 {[%emt 0:00:25]} Ng6 {[%emt 0:00:13]} 64. Ra6+ {[%emt 0:00:17]} Ke7 {[%emt 0:00:01]} 65. Rf5 {[%emt 0:00:33]} Rc3+ {[%emt 0:00:41]} 66. Kg4 {[%emt 0:00:50]} Nf4 {[%emt 0:00:49]} 67. Kxg5 {[%emt 0:00:38]} Ne6+ {[%emt 0:00:22]} 68. Kg4 {[%emt 0:00:25]} Rc4+ {[%emt 0:00:07]} 69. Kg3 {[%emt 0:00:15]} Re4 {[%emt 0:00:12]} 70. Rh5 {[%emt 0:00:21]} Kf6 {[%emt 0:00:45]} 71. Rh6+ {[%emt 0:00:10]} Kf7 {[%emt 0:00:13]} 72. Rhxe6 {[%emt 0:00:25]} Rxe6 {[%emt 0:00:02]} 73. Rxe6 {[%emt 0:00:01]} Kxe6 {[%emt 0:00:05]} 74. Kg4 {[%emt 0:00:07]} Ke5 {[%emt 0:00:10]} 75. Kg5 {[%emt 0:00:07]} Ke6 {[%emt 0:00:03]} 76. f3 {[%emt 0:00:17]} Ke5 {[%emt 0:00:05]} 77. f4+ {[%emt 0:00:03]} Ke6 {[%emt 0:00:03]} 78. Kg6 {[%emt 0:00:04]} Ke7 {[%emt 0:00:05]} 79. f5 {[%emt 0:00:09]} Kf8 {[%emt 0:00:05]} 80. Kf6 1-0

[Event "Paracin Open 2020"]
[Site "Paracin"]
[Date "2020.07.04"]
[Round "3.4"]
[White "Formento, Paolo"]
[Black "Cabarkapa, Novak"]
[Result "0-1"]
[WhiteElo "2294"]
[BlackElo "2459"]
[Annotator "ChessBase"]
[PlyCount "102"]
[EventDate "2020.07.03"]
[EventType "swiss"]
[EventCountry "SRB"]
[SourceTitle "playchess.com"]
[Source "ChessBase"]
[SourceQuality "1"]
[TimeControl "5400+30"]

1. d4 {[%emt 0:00:00]} Nf6 {[%emt 0:01:33]} 2. c4 {[%emt 0:04:40]} g6 {[%emt 0:00:17]} 3. Nc3 {[%emt 0:00:13]} Bg7 {[%emt 0:00:10]} 4. e4 {[%emt 0:00:06]} d6 {[%emt 0:00:11]} 5. Nf3 {[%emt 0:00:24]} O-O {[%emt 0:00:18]} 6. Be2 {[%emt 0:00:06]} Na6 {[%emt 0:00:18]} 7. O-O {[%emt 0:00:41]} e5 {[%emt 0:00:11]} 8. dxe5 {[%emt 0:00:50]} dxe5 {[%emt 0:00:09]} 9. Be3 {[%emt 0:00:07]} Ng4 {[%emt 0:00:41]} 10. Bg5 {[%emt 0:00:35]} f6 {[%emt 0:00:27]} 11. Bd2 {[%emt 0:00:43]} Nh6 {[%emt 0:00:59]} 12. Rb1 {[%emt 0:00:26]} Nc5 {[%emt 0:06:56]} 13. Be3 {[%emt 0:08:07]} Ne6 {[%emt 0:06:59]} 14. h3 {[%emt 0:01:15]} Qe7 {[%emt 0:05:32]} 15. b4 {[%emt 0:06:04]} Nf7 {[%emt 0:09:55]} 16. Nd5 {[%emt 0:17:23]} Qd8 {[%emt 0:03:51]} 17. b5 {[%emt 0:23:05]} f5 {[%emt 0:17:07]} 18. Bc1 {[%emt 0:02:15]} fxe4 {[%emt 0:02:31]} 19. Nd2 {[%emt 0:00:06]} Nd6 {[%emt 0:05:55]} 20. Ba3 {[%emt 0:01:44]} Nd4 {[%emt 0:04:46]} 21. Bxd6 {[%emt 0:10:20]} cxd6 {[%emt 0:01:01]} 22. Nxe4 {[%emt 0:00:18]} Bf5 {[%emt 0:02:51]} 23. f3 {[%emt 0:06:37]} Kh8 {[%emt 0:06:16]} 24. Bd3 {[%emt 0:01:59]} Bh6 {[%emt 0:04:11]} 25. Rb2 {[%emt 0:07:45]} Qd7 {[%emt 0:00:34]} 26. Kh2 {[%emt 0:04:06]} Rf7 {[%emt 0:01:28]} 27. Qe1 {[%emt 0:00:27]} Qd8 {[%emt 0:02:48]} 28. Qb4 {[%emt 0:02:51]} Rd7 {[%emt 0:06:18]} 29. Ndf6 {[%emt 0:00:45]} Rg7 {[%emt 0:02:56]} 30. Ng4 {[%emt 0:00:20]} Bg5 {[%emt 0:01:10]} 31. Rbf2 {[%emt 0:00:41]} h5 {[%emt 0:01:06]} 32. Nxg5 {[%emt 0:00:29]} Bxd3 {[%emt 0:01:09]} 33. Rd1 {[%emt 0:00:31]} hxg4 {[%emt 0:01:30]} 34. Qd2 {[%emt 0:00:27]} g3+ {[%emt 0:01:00]} 35. Kxg3 {[%emt 0:00:05]} Bxc4 {[%emt 0:00:25]} 36. f4 {[%emt 0:00:23]} Qe7 {[%emt 0:00:47]} 37. Kh2 {[%emt 0:00:58]} Rf8 {[%emt 0:01:58]} 38. Re1 {[%emt 0:00:10]} Ne6 {[%emt 0:01:37]} 39. Nxe6 {[%emt 0:00:52]} Qxe6 {[%emt 0:01:03]} 40. fxe5 {[%emt 0:00:07]} Rxf2 {[%emt 0:00:06]} 41. Qxf2 {[%emt 0:00:05]} Rf7 {[%emt 0:00:27]} 42. Qd4 {[%emt 0:01:09]} d5 {[%emt 0:00:51]} 43. Qxa7 {[%emt 0:00:33]} Bxb5 {[%emt 0:00:15]} 44. Qe3 {[%emt 0:00:40]} Kg7 {[%emt 0:00:17]} 45. Qd4 {[%emt 0:00:18]} Bc6 {[%emt 0:00:23]} 46. Re2 {[%emt 0:00:42]} Kg8 {[%emt 0:00:39]} 47. g4 {[%emt 0:00:30]} g5 {[%emt 0:00:32]} 48. Qc5 {[%emt 0:00:31]} Rf4 {[%emt 0:00:39]} 49. Qb6 {[%emt 0:00:09]} Qe7 {[%emt 0:00:39]} 50. Qb1 {[%emt 0:00:33]} Re4 {[%emt 0:00:25]} 51. Rxe4 {[%emt 0:00:14]} dxe4 {[%emt 0:00:06]} 0-1

[Event "Paracin Open 2020"]
[Site "Paracin"]
[Date "2020.07.04"]
[Round "3.5"]
[White "Ratkovic, Miloje"]
[Black "Mitev, Valentin"]
[Result "1-0"]
[WhiteElo "2456"]
[BlackElo "2240"]
[Annotator "TA"]
[PlyCount "143"]
[EventDate "2020.07.03"]
[EventType "swiss"]
[EventCountry "SRB"]
[SourceTitle "playchess.com"]
[Source "ChessBase"]
[SourceQuality "1"]

{[%evp 16,143,-22,-17,0,0,0,0,13,-15,-13,-7,0,0,0,-27,12,7,5,5,12,0,0,-11,0,0,0,-17,-12,-20,-14,-23,-17,-29,-8,-7,-8,-8,-8,-14,0,0,45,9,1,10,19,-74,-66,-72,-102,-111,-87,-122,-32,-71,-62,-33,-58,-56,-18,-99,-90,-227,-215,-200,-139,-209,-180,-225,-202,-230,0,-160,-142,-164,0,0,0,0,0,0,0,0,0,0,-12,-4,0,-393,0,0,0,0,0,0,699,678,29985,0,0,0,29985,275,254,253,783,740,29976,29977,29982,29978,29987,29988,29989,29983,29983,29984,29988,29989,29989,29990,29990,29976,29976,29977,29975,12827,1387,733]} 1. d4 d5 2. Bf4 Nf6 3. e3 c5 4. c3 Nc6 5. Nf3 Qb6 6. Qb3 c4 7. Qc2 Bf5 8. Qc1 h6 9. Nbd2 Rc8 {D02: 1 d4 d5 2 Nf3 sidelines, including 2...Nf6 3 g3 and 2...Nf6 3 Bf4.} 10. Be2 e6 11. O-O Be7 {The position is equal.} 12. Bd1 O-O 13. Bc2 Bxc2 14. Qxc2 Qd8 15. e4 {[#]} Nxe4 $146 ({Predecessor:} 15... b5 16. Ne5 a5 17. Rae1 b4 18. Re3 Nxe5 19. dxe5 Nh5 20. Bg3 Bc5 21. Rf3 bxc3 22. bxc3 Nxg3 23. Rxg3 {1-0 (72) Heinrich,T (2018)-Serrer,C (2190) Playchess.com INT 2020}) 16. Nxe4 dxe4 17. Qxe4 Qd5 18. Qe2 b5 {[%cal Bb7b5,Bb5b4][%mdl 32]} 19. a3 a5 20. a4 b4 21. Rac1 Bf6 22. Rfd1 Rfd8 23. h3 Ne7 24. Nd2 bxc3 25. bxc3 Qc6 26. Ne4 Nd5 27. Qg4 {With the idea Bxh6.} Kh8 28. Be5 Qxa4 29. Bxf6 (29. Ra1 $5 {[%cal Ra1a4]} Qd7 30. Bxf6 gxf6 31. Qh5 $11) 29... gxf6 30. Qh4 {Strongly threatening Ra1.} Kg7 31. Ng3 (31. Ra1 $11 Qd7 32. Qg4+ (32. Rxa5 f5 $11) 32... Kh8 33. Qh4) 31... f5 $17 32. Re1 Kh7 33. Re5 Qa3 34. Rce1 {next Nxf5 is good for White.} Qe7 (34... Nxc3 35. R5e3 $16) (34... Qxc3 $17 35. Rb1 Rb8 36. Rxb8 Rxb8) 35. Qh5 {Black must now prevent Nxf5!} Qf6 (35... Nxc3 $2 36. Nxf5 $1 {[%mdl 512]} Qf6 37. Nxh6 $1 $18 {[%mdl 512]}) 36. Nxf5 $1 Nf4 ({Wrong is} 36... exf5 $2 37. Rxf5 Nf4 38. Qg4 $18 (38. Rxf6 Nxh5 39. Rxf7+ Kg6 $17) (38. Qxf7+ Qxf7 39. Rxf7+ Kg8 $18)) (36... Nxc3 $2 37. Nxh6 $1 {[%mdl 512]} Qg6 38. Qh4 $18 (38. Nxf7+ Qxh5 39. Rxh5+ Kg6 $16)) 37. Qg4 Ng6 ({But not} 37... Nd3 $6 38. Rxe6 fxe6 39. Rxe6 $1 $11 {[%mdl 512]}) 38. Ng3 (38. Rxa5 $11 exf5 39. Rxf5) 38... Nxe5 39. dxe5 (39. Rxe5 $17 {was the only chance.} Qg6 40. Rxa5) 39... Qg6 $19 {And now ...Qxg4 would win.} 40. Qf4 Rg8 41. Ra1 (41. Qf3 $17) 41... Rc5 42. Rd1 Rd5 43. Re1 Rc5 $2 (43... a4 $19 44. Ra1 Ra5 45. Qxc4 a3) 44. Qd4 $2 (44. Rd1 $1 $11) 44... Rcc8 45. Ra1 Qd3 $2 ({Better is} 45... Rgd8 $1 $19 {[%cal Rd8d4]} 46. Qf4 Rd3) 46. Qf4 $11 Qxc3 47. Rd1 Qc2 {[#]} 48. Rd7 $1 {[%mdl 512]} Qg6 49. Rxf7+ Rg7 $1 {[%cal Rg7f7]} 50. Rf6 Qg5 $1 {[%cal Rg5f4]} 51. Qe4+ Kh8 {Hoping for ...c3.} 52. h4 $2 {[%mdl 8192]} (52. Rxe6 $11 c3 53. h4) 52... Qc1+ $2 ({Black should try} 52... Qg4 $1 $19 53. Rxh6+ Kg8 54. Qxg4 Rxg4) 53. Kh2 {Nh5 is the strong threat.} Rcg8 $1 54. f4 Rh7 55. Rxe6 Qc3 $2 {[%mdl 8192]} (55... Qa3 $11 56. Nf5 Qd3 57. Qxd3 cxd3) 56. Rg6 $18 {aiming for Rxg8+.} Rf8 {intending ...Qd3.} 57. Rf6 $2 (57. e6 Re7 58. Nf5 $1 {[%mdl 512]} Ree8 59. Qb7 Rxf5 60. Rxh6+ Kg8 61. Qh7+ {[%mdl 64] Double Attack} Kf8 62. Rg6 Qh8 63. e7+ $1 {[%mdl 512]} Rxe7 64. Qxh8+ Kf7 65. Qg8#) 57... Rg8 $11 58. Rg6 $2 {[%mdl 8192]} (58. Nf5 $11 Qd3 59. Qc6) 58... Rf8 {Black wants to play ...Qd3.} 59. Qc6 $2 (59. e6 {mates} Re7 {[#]} 60. Nf5 $1 {[%mdl 512]} Ree8 61. Qb7 Rxe6 62. Rxe6 Rd8 63. Qf7 Qh3+ {[%mdl 64] Decoy} 64. Kxh3 Rd3+ 65. g3 Rxg3+ 66. Nxg3 c3 67. Rxh6#) 59... Qd2 60. Qxc4 $40 {[%mdl 128] Threatens to win with e6. White goes for the king.} Qd8 $2 (60... Qb4 61. Qxb4 axb4) 61. f5 $18 Rff7 62. f6 Rc7 63. Qg4 Qc8 64. e6 Rc4 {[#]} 65. Rg8+ $1 {[%mdl 576] Deflection} Qxg8 66. Qxc4 {[%mdl 4096] Endgame KQR-KQN} Rb7 67. f7 Qb8 68. Qd4+ Kh7 69. Qe4+ Kg7 70. Qg4+ Kf6 71. Qf3+ (71. Qg8 $142 Ke7 72. Qg7 Kxe6 73. f8=Q Rxg7 74. Qxb8 Rd7 75. Qf4 Rd6 76. Qxh6+ Kd7 77. Qg5) 71... Ke7 {[#]} 72. f8=Q+ $1 {[%mdl 512] Never resign too early! Accuracy: White = 67%, Black = 71%.} 1-0

[Event "Paracin Open 2020"]
[Site "Paracin"]
[Date "2020.07.04"]
[Round "3.6"]
[White "Van Dael, Siem"]
[Black "Stankovic, Milos"]
[Result "1/2-1/2"]
[WhiteElo "2293"]
[BlackElo "2454"]
[Annotator "TA"]
[PlyCount "90"]
[EventDate "2020.07.03"]
[EventType "swiss"]
[EventCountry "SRB"]
[SourceTitle "playchess.com"]
[Source "ChessBase"]
[SourceQuality "1"]

{[%evp 14,90,25,33,33,28,50,14,24,35,34,25,33,-35,-38,-25,-27,-29,-11,-20,0,0,0,-43,-24,-91,-74,-95,-91,-91,-92,-102,-95,-89,-95,-120,-97,-130,-108,-170,-129,-138,0,0,-5,-71,-72,-72,-91,-126,-120,-139,-125,-116,-134,-153,-121,-125,-130,-127,-84,-92,-83,-110,-102,-136,-141,-124,-139,-173,0,0,0,-175,0,0,0,0,0]} 1. e4 c6 2. d4 d5 3. Nd2 dxe4 4. Nxe4 Nf6 5. Nxf6+ exf6 6. c3 Bd6 7. Bd3 O-O 8. Qc2 Re8+ {B15: Caro-Kann: 3 Nc3: 3...g6 and 3...dxe4 4 Nxe4 Nf6 5 Nxf6+ exf6.} 9. Ne2 h5 10. Be3 Nd7 {[%cal Bb8d7,Bd7f8,Bf8e6,Be6g5][%mdl 32]} 11. O-O-O Nf8 12. Kb1 Be6 13. Nf4 (13. c4 $14) 13... Bxf4 $15 14. Bxf4 b5 15. Be4 Bd5 {[#]} 16. f3 $146 ({Predecessor:} 16. Rhe1 Bxe4 17. Rxe4 Ne6 18. Rde1 a5 19. Bc1 a4 20. f4 Qd5 21. R4e2 Nc7 22. f5 {0-1 (52) Abrahamyan,T (2364)-Krush,I (2444) Saint Louis 2017}) 16... Ne6 17. Bc1 a5 18. Bxd5 cxd5 19. f4 (19. Bd2 $11 {keeps the balance.}) 19... Qd6 20. Rhf1 b4 21. f5 Ng5 $1 22. Bf4 Qa6 23. Bxg5 fxg5 24. Rfe1 Qd6 25. Qa4 Reb8 26. cxb4 (26. Qc2 $17 {was necessary.}) 26... Qxh2 27. Qc2 Rc8 ({Black should play} 27... axb4 $17 {Hoping for ...Rxa2!} 28. Re5 h4) 28. Qd2 $1 $11 {[%cal Rd2g5]} axb4 {With the idea ...Qd6.} 29. Rh1 (29. Qxg5 $11 {remains equal.} Qd6 30. b3 (30. Qxh5 $2 Qa6 $19)) 29... Qg3 $17 {White must now prevent ...b3.} 30. Rxh5 f6 $1 31. Rdh1 Qg4 32. Rh8+ Kf7 33. Rxc8 Rxc8 34. Qxb4 {White threatens Qb7+! and mate.} Qxf5+ {[%mdl 4096] Endgame KQR-KQR} 35. Ka1 Rc4 $36 {[%mdl 2048] Black is really pushing.} 36. Qb7+ Kg6 37. Qb8 {[%cal Rb8e8]} Qe4 (37... Qc8 $6 38. Qxc8 Rxc8 39. b4 $11) 38. Qh8 Qxg2 {aiming for ...Qe2.} 39. Qe8+ {[#]} Kf5 $1 40. Qd7+ {[#]} Kf4 $1 {[%cal Rg2h1]} 41. Qd6+ Kg4 {[%cal Rg2h1]} 42. Qe6+ $1 {[#]} Kf4 $1 43. Qd6+ $1 {[#]} ({Avoid the trap} 43. Re1 $2 Qd2 $19) 43... Kf5 $2 ({Don't take} 43... Kg4 44. Qe6+ Kf4 45. Qe1 $17 (45. Re1 $2 Qd2 $19)) (43... Ke3 $1 $19 {[%cal Rg2h1]} 44. Qe6+ Qe4 45. Qh3+ Kxd4 46. Rd1+ Ke5) 44. Qd7+ $11 Kg6 {[%cal Rg2h1]} 45. Qe8+ {[#]} Kf5 $1 {Accuracy: White = 66%, Black = 91%.} 1/2-1/2

[Event "Paracin Open 2020"]
[Site "Paracin"]
[Date "2020.07.04"]
[Round "3.7"]
[White "Ratkovic, Milovan"]
[Black "Stanojevic, Ilija"]
[Result "1-0"]
[WhiteElo "2435"]
[BlackElo "2220"]
[Annotator "TA"]
[PlyCount "39"]
[EventDate "2020.07.03"]
[EventType "swiss"]
[EventCountry "SRB"]
[SourceTitle "playchess.com"]
[Source "ChessBase"]
[SourceQuality "1"]

{[%evp 9,39,0,16,0,0,-35,-33,-57,-3,5,43,49,105,114,108,120,181,191,192,185,201,192,389,366,353,278,579,546,556,461,468,477]} 1. d4 d5 2. Bf4 c5 3. e3 cxd4 4. exd4 Nc6 5. c3 f6 6. Bd3 {Threatens to win with Qh5+. B13: Caro-Kann: Exchange Variation and Panov-Botvinnik Attack.} e5 7. Bg3 e4 8. Bc2 {[#] Black is slightly better.} Nh6 $146 (8... f5 $15) ({Predecessor:} 8... f5 9. h4 Nf6 10. Ne2 Bd6 11. Bxd6 Qxd6 12. Qd2 O-O 13. Qf4 Qe7 14. Ng3 Be6 {½-½ (77) Golubov,S (2482)-Kevlishvili,R (2451) St Petersburg 2018}) 9. Ne2 $11 Be6 {[#]} 10. c4 $1 {[%mdl 512]} Nf5 (10... Qa5+ $14 11. Nbc3 dxc4) (10... dxc4 11. Nbc3) 11. Nbc3 $36 {[%mdl 2048] White is really pushing.} Bb4 12. O-O Nxg3 (12... Bxc3 $16 13. bxc3 g5) 13. hxg3 $18 Bxc3 14. Nxc3 f5 {[#]} 15. g4 $1 {[%mdl 512]} fxg4 $2 (15... Bd7 {was called for.} 16. gxf5 (16. Nxd5 O-O $18) (16. cxd5 Nb4 $16) 16... O-O) 16. cxd5 Bxd5 {If only Black now had time for ...Bc4....} 17. Qxg4 Nxd4 $2 (17... h5 18. Qf5 Ne7) 18. Rad1 {White is clearly winning.} Nxc2 19. Nxd5 O-O {Black hopes to continue with ...Re8.} 20. Qxe4 {Accuracy: White = 82%, Black = 34%.} 1-0

[Event "Paracin Open 2020"]
[Site "Paracin"]
[Date "2020.07.04"]
[Round "3.8"]
[White "Krasteva, Beloslava"]
[Black "Kosic, Dragan"]
[Result "1/2-1/2"]
[WhiteElo "2246"]
[BlackElo "2429"]
[Annotator "TA"]
[PlyCount "36"]
[EventDate "2020.07.03"]
[EventType "swiss"]
[EventCountry "SRB"]
[SourceTitle "playchess.com"]
[Source "ChessBase"]
[SourceQuality "1"]

{[%evp 18,36,5,5,11,5,5,9,20,8,6,12,14,6,1,13,8,0,0,4,6]} 1. d4 Nf6 2. c4 e6 3. Nc3 Bb4 4. e3 c5 5. Bd3 Nc6 6. Nge2 cxd4 7. exd4 d5 8. cxd5 Nxd5 9. O-O O-O 10. Nxd5 $1 {[%mdl 4] The position is equal. now scores much better than the old 10.Bc2.} exd5 {E48: Nimzo-Indian: Rubinstein: 5 Bd3 d5 including 6 Ne2, but excluding 6 a3.} 11. a3 Bd6 12. Bf4 {[#]} g6 $146 ({Predecessor:} 12... Bg4 13. Bxd6 Qxd6 14. Qd2 Bxe2 15. Bxe2 Qf6 16. Rad1 Rfe8 17. Bf3 Rad8 18. b4 {½-½ (18) Parligras,M (2633)-Palac,M (2600) Kozloduy 2012}) 13. Bxd6 Qxd6 14. Qd2 Bd7 15. Rac1 Rac8 16. Bb1 Ne7 17. Nf4 Rxc1 18. Rxc1 Rc8 {A rather calm draw.} 1/2-1/2